| 000 | 01071cam a2200313 i 4500 | ||
|---|---|---|---|
| 999 |
_c200441259 _d59471 |
||
| 003 | TR-AnTOB | ||
| 005 | 20220621112707.0 | ||
| 007 | ta | ||
| 008 | 750318s1974 fr b 10000 eng u | ||
| 010 | _a75321613 | ||
| 020 | _a9264112022 | ||
| 040 |
_aTOL _beng _erda _cTOL _dTR-AnTOB |
||
| 041 | 0 | _aeng | |
| 050 | 0 | 4 |
_aLB2301 _b.C66 1973 |
| 090 |
_aLB2301 _b.C66 1973 |
||
| 111 | 2 | 0 |
_aConference on Future Structures of Post-secondary Education _d(1973 : _cParis, France) _9137489 |
| 245 | 1 | 0 | _aStructure of studies and place of research in mass higher education. |
| 264 | 1 |
_aParis : _bOrganisation for Economic Co-operation and Development, _c1974. |
|
| 300 |
_a144 pages ; _c24 cm |
||
| 336 |
_2rdacontent _atext _btxt |
||
| 337 |
_2rdamedia _aunmediated _bn |
||
| 338 |
_2rdacarrier _avolume _bnc |
||
| 500 | _aContains a series of four background studies relating to one of the major themes of the Conference | ||
| 504 | _aBIB | ||
| 650 | 0 |
_aEducation, Higher _xResearch _zEurope _938023 |
|
| 942 |
_2lcc _cBK |
||